00950nam a22002297a 450000500170000000800410001702000150005804000090007304100080008208200180009010000150010824500080012326000310013130000270016236500140018952004210020365000250062465000170064965000200066665000170068670000170070320220425154329.0220425b ||||| |||| 00| 0 eng d a8171677266 cAloy aeng 223a701bBELA aClive Bell aArt aNew DelhibRupa & Coc2002 axiii,292pbPBc17x11cm 2Fine Arts aIn this little book i have tried to develop a complete theroy of visual art. I have put forward an hypothesis by reference to which the repectability, though not the validity, of all aesthetic judgements can be tested, in the light of which the history of art from palaeolithic days to the present becomes intelligible, by adopting which we give intelectual backing to an almost universal and immemorial conviction. aAesthetic Hypothesis aArt and life aChristian Slope aThe Movement aBELL (Clive)